Laboralia Temas crt̕icos de doctrina laboral y teora̕ general /

Detalles Bibliográficos
Autor principal: Aseff, Luca̕ M.
Formato: eBook
Lenguaje:español
Materias:
Acceso en línea:Acceso restringido

MARC

LEADER 00000nam a22000007a 4500
005 20200205213122.0
007 cr|||| ||||
008 200205s2019 ar |||||s|||| 00||0 spa d
020 |a 978-950-817-343-0 
035 |a 30966 
040 |a vLex 
090 |c 10115  |d 10115 
100 1 |a Aseff, Luca̕ M. 
245 1 0 |a  Laboralia  |h [Recurso electrn̤ico] :  |b Temas crt̕icos de doctrina laboral y teora̕ general /  |c Luca̕ M. Aseff 
256 |a Servicio en ln̕ea 
300 |a 1 recurso electrn̤ico 
506 1 |a Disponible solo en los productos indicados  |d vLex Global  |d vLex Global (Academic Edition, excluding Law Schools)  |d vLex Global (U.S. Academic Edition, Law Schools)  |d vLex Global (U.S. Academic Edition, excluding Law Schools)  |d vLex Global (Academic Edition, Law Schools) 
650 0 4 |a Derecho Laboral y Seguridad Social  |z Argentina 
740 0 |a vLex Libros (Servicio en ln̕ea) 
856 4 0 |u http://vlex.com/source/laboralia-30966  |z Acceso restringido 
942 |c BOOK 
999 0 |a Labor law and social security